000 00383nam a2200145Ia 4500
003 SGT
082 _a629
_bNAR
100 _aNarayan, B.
245 _aDisaster management
260 _bA.P.H.Publishing corporation
_aNew Delhi
_c2010
300 _a301p.
650 _aCIVIL ENGINEERING
653 _aDISASTER MANAGEMENT, DISASTRE TRAINING , FLOOD EARLY WARNING
942 _2ddc
_cBK
_04
999 _c5792
_d5792